000 00769cam a2200229 i 4500
999 _c3314
_d3314
003 OSt
005 20220222103510.0
008 140521s2013 stka b 001 0 eng
020 _a9780723436614 (pbk)
040 _aDLC
_cKABLIB
_dKABLIB
082 0 0 _a610.73
_223
_bFOU
245 0 0 _aFoundations of Nursing Practice :
_bfundamentals of holistic care /
_cedited by Chris Brooker, Anne Waugh, ; foreword by Professor Roger Watson,
250 _a 2nd ed.
264 1 _aEdinburgh :
_bMosby/Elsevier,
_cc2013.
300 _axi, 663 p :
_bill ;
_c28 cm.
504 _aIncludes bibliographical references and index.
650 0 _aNursing.
_98724
700 1 _aBrooker, Christine.
_97654
700 1 _aWaugh, Anne.
_94238
700 1 _aWatson, Roger.
_98725
942 _2ddc
_cBOOK